Palast des Wissens : [... zur Austellung "Palast des Wissens. Die Kunst- und Wunderkammer Zar Peters des Großen", Museum für Kunst und Kulturgeschichte der Stadt Dortmund, 25. Januar 2003 - 21. April 2003; Schlossmuseum Gotha, Gothaer Kulturbetriebe, 1. August 2003 - 16. November 2003]

Saved in:
Bibliographic Details
Other Authors: Buberl, Brigitte (Editor, Hrsg.)
Document Type: Conference Proceeding Book
Language:German
Published: München : Hirmer Verlag GmbH , 2003
Subjects:
Online Access:Rezension
Related Items:Rezensiert in: [Rezension von: Brigitte Buberl / Michael Dückershoff (Hrsg.), Palast des Wissens]
Author Notes:hrsg. von Brigitte Buberl im Auftr. d. Museums f. Kunst u. Kulturgeschichte
LEADER 03541cam a2200613 ca4500
001 1172693676
003 DE-627
005 20260423175425.0
007 tu
008 030113m20032003xx ||||| c 00| ||ger c
015 |a 03,N04,1230  |2 dnb 
016 7 |a 965880818  |2 DE-101 
020 |a 3777410861  |9 3-7774-1086-1 
035 |a (DE-627)1172693676 
035 |a (DE-576)102693676 
035 |a (DE-599)DNB965880818 
035 |a (OCoLC)1532860430 
040 |a DE-627  |b ger  |c DE-627  |e rakwb 
041 |a ger 
084 |a 59  |a 46  |2 sdnb 
084 |a 9,10  |2 ssgn 
084 |a LH 60400  |2 rvk  |0 (DE-625)rvk/94195: 
245 0 0 |a Palast des Wissens  |b [... zur Austellung "Palast des Wissens. Die Kunst- und Wunderkammer Zar Peters des Großen", Museum für Kunst und Kulturgeschichte der Stadt Dortmund, 25. Januar 2003 - 21. April 2003; Schlossmuseum Gotha, Gothaer Kulturbetriebe, 1. August 2003 - 16. November 2003]  |c hrsg. von Brigitte Buberl im Auftr. d. Museums f. Kunst u. Kulturgeschichte 
263 |a Pp. : ca. EUR 39.90, ca. CHF 66.70 
264 1 |a München  |b Hirmer Verlag GmbH  |c 2003 
336 |a Text  |b txt  |2 rdacontent 
336 |a unbewegtes Bild  |b sti  |2 rdacontent 
337 |a ohne Hilfsmittel zu benutzen  |b n  |2 rdamedia 
338 |a Band  |b nc  |2 rdacarrier 
650 0 |a Ethnological museums and collections  |x Russia (Federation)  |x Saint Petersburg  |x Exhibitions 
655 7 |a Ausstellungskatalog  |y 2003  |z Dortmund  |0 (DE-588)4135467-9  |0 (DE-627)10566491X  |0 (DE-576)209660988  |2 gnd-content 
655 7 |a Aufsatzsammlung  |0 (DE-588)4143413-4  |0 (DE-627)105605727  |0 (DE-576)209726091  |2 gnd-content 
655 7 |a Ausstellungskatalog  |x Museum für Kunst und Kulturgeschichte Dortmund  |y 25.01.-21.04.2003  |0 (DE-588)4135467-9  |0 (DE-627)10566491X  |0 (DE-576)209660988  |2 gnd-content 
655 7 |a Ausstellungskatalog  |x Schlossmuseum  |y 01.08.-16.12.2003  |0 (DE-588)4135467-9  |0 (DE-627)10566491X  |0 (DE-576)209660988  |2 gnd-content 
689 0 0 |d p  |0 (DE-588)118592955  |0 (DE-627)079386083  |0 (DE-576)20906479X  |a Peter  |b I.  |c Russland, Zar  |d 1672-1725  |2 gnd 
689 0 1 |d s  |0 (DE-588)4176963-6  |0 (DE-627)105352241  |0 (DE-576)209974176  |a Raritätenkammer  |2 gnd 
689 0 |5 DE-101 
689 1 0 |d p  |0 (DE-588)118592955  |0 (DE-627)079386083  |0 (DE-576)20906479X  |a Peter  |b I.  |c Russland, Zar  |d 1672-1725  |2 gnd 
689 1 1 |d s  |0 (DE-588)4176963-6  |0 (DE-627)105352241  |0 (DE-576)209974176  |a Raritätenkammer  |2 gnd 
689 1 |5 DE-101 
700 1 |a Buberl, Brigitte  |d 1954-  |e Hrsg.  |0 (DE-588)121530973  |0 (DE-627)081367740  |0 (DE-576)165102039  |4 edt 
710 2 |a Museum für Kunst und Kulturgeschichte Dortmund  |0 (DE-588)2077187-3  |0 (DE-627)103922660  |0 (DE-576)192211269  |4 oth 
711 2 |a Ausstellung Palast des Wissens. Die Kunst- und Wunderkammer Zar Peters des Großen  |d 2003  |c Dortmund; Gotha  |0 (DE-588)10052157-5  |0 (DE-627)363924302  |0 (DE-576)199401241  |4 oth 
787 0 8 |i Rezensiert in  |a Heesen, Anke te, 1965 -   |t [Rezension von: Brigitte Buberl / Michael Dückershoff (Hrsg.), Palast des Wissens]  |d 2004  |w (DE-627)1919827684 
856 4 2 |u https://swbplus.bsz-bw.de/bsz102693676rez.htm  |m V:DE-576  |v 2005-05-24  |3 Rezension  |7 1 
935 |a SAXB 
936 r v |a LH 60400  |b Kunstsammeln  |k Kunstgeschichte  |k Allgemeines. Allgemeine Kunstgeschichte  |k Kunstkennerschaft und Mäzenatentum  |k Kunstsammeln  |0 (DE-627)1270643045  |0 (DE-625)rvk/94195:  |0 (DE-576)200643045 
951 |a MC 
990 |a Peter <I., Russland, Zar>  
990 |a Raritätenkammer 
990 |a Peter <I., Russland, Zar>  
990 |a Raritätenkammer 
991 |a Rezensiertes Werk 
999 |a KXP-PPN1172693676  |e 4987927896